| 000 | 00479nam a2200181Ia 4500 | ||
|---|---|---|---|
| 008 | 100920s9999 xx 000 0 und d | ||
| 082 |
_b51703 _a200 थ 70 |
||
| 100 | _aDesai M.R. | ||
| 245 | _aTHE ISA UPANISHED. | ||
| 260 |
_bSushila Prakashan, Kolhapur. _c1970 |
||
| 300 |
_a140 _bसाधी |
||
| 365 | _b10 | ||
| 520 | _aधार्मिक. | ||
| 630 | _aTHE ISA UPANISHED. | ||
| 650 | _aधार्मिक. | ||
| 730 | _aTHE ISA UPANISHED. | ||
| 942 | _cBOOK | ||
| 999 |
_c697375 _d697372 |
||